Normal view
MARC view
- Beenhakker, Henri L
Entry Personal Name
001 - CONTROL NUMBER
- control field: 38639
003 - CONTROL NUMBER IDENTIFIER
- control field: NUST
005 - DATE AND TIME OF LATEST TRANSACTION
- control field: 20210314131113.0
008 - FIXED-LENGTH DATA ELEMENTS
- fixed length control field: 210314|| aca||aabn | a|a d
040 ## - CATALOGING SOURCE
- Original cataloging agency: NUST
- Transcribing agency: NUST
100 ## - HEADING--PERSONAL NAME
- Personal name: Beenhakker, Henri L
670 ## - SOURCE DATA FOUND
- Source citation: Work cat.: (NUST): Carapetis, S., 37188, The supply and quality of rural transport services in developing countries :, c1984.
